Normal view MARC view
  • GLOBAL AND DOMESTIC MACROECONOMICS DEVELOPMENT

Entry Topical Term

Number of records used in: 2

001 - CONTROL NUMBER

  • control field: 5679

003 - CONTROL NUMBER IDENTIFIER

  • control field: CBULib

005 - DATE AND TIME OF LATEST TRANSACTION

  • control field: 20260629091127.0

008 - FIXED-LENGTH DATA ELEMENTS

  • fixed length control field: 260629|| aca||babn | a|a d

040 ## - CATALOGING SOURCE

  • Original cataloging agency: CBULib

150 ## - HEADING--TOPICAL TERM

  • Topical term or geographic name entry element: GLOBAL AND DOMESTIC MACROECONOMICS DEVELOPMENT